Lãnh đạo hiệu quả = Leading effectively /
Spremljeno u:
| Glavni autor: | |
|---|---|
| Format: | Sách giấy |
| Jezik: | Vietnamese |
| Izdano: |
Tp. HCM :
Tổng hợp,
2004
|
| Serija: | Cẩm nang quản lý
|
| Teme: | |
| Oznake: |
Dodaj oznaku
Bez oznaka, Budi prvi tko označuje ovaj zapis!
|
| Thư viện lưu trữ: | Thư viện Trường Đại học Đà Lạt |
|---|
| LEADER | 00793nam a2200325 4500 | ||
|---|---|---|---|
| 001 | DLU060050965 | ||
| 005 | ##20060214 | ||
| 040 | # | # | |a DLU |b vie |
| 041 | # | # | |a vie |
| 044 | # | # | |a vn |
| 082 | # | # | |a 658.409 2 |b HE-R |
| 100 | # | # | |a Heller, Robert |
| 245 | # | # | |a Lãnh đạo hiệu quả = |b Leading effectively / |c Robert Heller |
| 246 | # | # | |a Leading effectively |
| 260 | # | # | |a Tp. HCM : |b Tổng hợp, |c 2004 |
| 300 | # | # | |a 69 tr. ; |c 24 cm |
| 490 | # | # | |a Cẩm nang quản lý |
| 653 | # | # | |a Cẩm nang |
| 653 | # | # | |a Lãnh đạo |
| 653 | # | # | |a Quản lý tác nghiệp |
| 923 | # | # | |a 61/2005 |
| 992 | # | # | |a 24.000 |
| 994 | # | # | |a DLU |
| 900 | # | # | |a True |
| 911 | # | # | |a Đào Thị Thu Huyền |
| 925 | # | # | |a G |
| 926 | # | # | |a A |
| 927 | # | # | |a SH |
| 980 | # | # | |a Thư viện Trường Đại học Đà Lạt |